Effect of subtoxic dose, extreme low frequency (ELF) electromagnetic field (EMF) treatments on liver enzyme changes in in vivo Turkey model experiments
Natural electromagnetic field background radiation in Earth is 20-30 µT, which is a condition in terrestrial evolution. Today, however, in the technosphere-determined environment, intermittent extreme low-frequency electromagnetic fields are predominant. In the present work, we aim to investigate th...
Elmentve itt :
| Szerzők: | |
|---|---|
| Testületi szerző: | |
| Dokumentumtípus: | Könyv része |
| Megjelent: |
2020
|
| Sorozat: | Proceedings of the International Symposium on Analytical and Environmental Problems
26 |
| Kulcsszavak: | Környezetkémia |
| Tárgyszavak: | |
| Online Access: | http://acta.bibl.u-szeged.hu/74023 |
| LEADER | 01581naa a2200289 i 4500 | ||
|---|---|---|---|
| 001 | acta74023 | ||
| 005 | 20220808153922.0 | ||
| 008 | 211118s2020 hu o 1|| eng d | ||
| 020 | |a 978-963-306-771-0 | ||
| 040 | |a SZTE Egyetemi Kiadványok Repozitórium |b hun | ||
| 041 | |a eng | ||
| 100 | 1 | |a Hausinger Péter | |
| 245 | 1 | 0 | |a Effect of subtoxic dose, extreme low frequency (ELF) electromagnetic field (EMF) treatments on liver enzyme changes in in vivo Turkey model experiments |h [elektronikus dokumentum] / |c Hausinger Péter |
| 260 | |c 2020 | ||
| 300 | |a 310-314 | ||
| 490 | 0 | |a Proceedings of the International Symposium on Analytical and Environmental Problems |v 26 | |
| 520 | 3 | |a Natural electromagnetic field background radiation in Earth is 20-30 µT, which is a condition in terrestrial evolution. Today, however, in the technosphere-determined environment, intermittent extreme low-frequency electromagnetic fields are predominant. In the present work, we aim to investigate this topic area by in vivo systematic study of subtoxic and chronic electromagnetic field exposures in a turkey model. | |
| 650 | 4 | |a Természettudományok | |
| 650 | 4 | |a Kémiai tudományok | |
| 695 | |a Környezetkémia | ||
| 700 | 0 | 1 | |a Sepp Krisztián |e aut |
| 700 | 0 | 1 | |a Csikós Andrea |e aut |
| 700 | 0 | 1 | |a Radács Marianna |e aut |
| 700 | 0 | 1 | |a Molnár Zsolt |e aut |
| 700 | 0 | 1 | |a Gálfi Márta |e aut |
| 710 | |a International Symposium on Analytical and Environmental Problems (26.) (2020) (Szeged) | ||
| 856 | 4 | 0 | |u http://acta.bibl.u-szeged.hu/74023/1/proceedings_of_isaep_2020_310-314.pdf |z Dokumentum-elérés |